| 000 | 00878nam a22001817a 4500 | ||
|---|---|---|---|
| 999 |
_c15107 _d15107 |
||
| 003 | OSt | ||
| 082 | _2631.587 ANU/IM | ||
| 088 | _aT 356 | ||
| 100 |
_aANU VARUGHESE _93531 |
||
| 245 | _aImpact of climate change and watershed development on river basin hydrology using SWAT- a case study | ||
| 260 |
_aTavanur 2016 _bDepartment of Irrigation and Drainage Engineering |
||
| 300 | _a185 | ||
| 500 | _aImpact of climate change and watershed development on river basin hydrology using SWAT- a case study | ||
| 520 | _aClimate change is recognized as one of the most serious challenges mankind is facing today. bharathapuzha. the catchment area was downloaded and was delineated using soil and water assessment tool. doctor of philosophy | ||
| 700 |
_aDr. Hajilal M. S (Guide) _93532 |
||
| 856 | _uhttps://drive.google.com/open?id=1uqBy7yS7k9BUq64fbfyWj-A3DL0OmWLw | ||
| 942 | _cTH | ||